| 000 | 00917cam a22002412 4500 | ||
|---|---|---|---|
| 001 | 0000023701 | ||
| 005 | 20151217152246.0 | ||
| 008 | 130319s xx 000 0 eng d | ||
| 020 | _a9966151148 : | ||
| 040 |
_aKABU _cKABU |
||
| 100 | 1 |
_aKiryabwire, Winifred Tarinyeba. _@0000183358 |
|
| 245 | 1 | 4 |
_aThe Design of micro credit contracts and micro enterprise access to finance in Uganda / _cWinifred Tarinyeba Kiryabwire. |
| 250 | _a1st ed. | ||
| 260 |
_aNairobi : _bLawAfrica, _c2010. |
||
| 300 | _axix, 168 p. | ||
| 650 | 0 |
_aMicrofinance _xLaw and legislation _zUganda. _@0000183359 |
|
| 852 | 1 | _9p1000 KES | |
| 852 | 1 | _9p1000 KES | |
| 852 | 1 | _9p1000 KES | |
| 852 | 1 | _9p1000 KES | |
| 908 | _a130319 | ||
| 950 | _@1 | ||
| 999 |
_c9934 _d9934 |
||